000 00387nam a22001697a 4500
003 MPLRDC
005 20220104125217.0
008 210129b ||||| |||| 00| 0 eng d
082 _a857.9 QH-12 c.2
100 _a秦红
245 _a大豪杰
_c
250 _a初版
260 _a
_b武林出版社
_c1974
300 _b
650 _a武侠小说
942 _cBK
_o857.9 QH-12 c.2
999 _c25545
_d25535